Statistics for Pennsylvania County Seats on a Map

Click here to take the quiz!

General Stats

  • This quiz has been taken 101 times
  • The average score is 31 of 67

Answers on the Map

Answers color-coded by a green-red scale on the quiz's map according to % correct below.
 

Answer Stats

Answer% Correct
Pittsburgh
98%
Erie
95%
Philadelphia
95%
Harrisburg
93%
Scranton
86%
Allentown
84%
York
80%
Lancaster
77%
Reading
77%
Washington
75%
Somerset
73%
Wilkes Barre
73%
Williamsport
68%
Beaver
64%
Bedford
59%
Butler
59%
Easton
57%
Gettysburg
57%
Meadville
55%
New Castle
55%
Norristown
55%
Indiana
52%
Lebanon
52%
Warren
52%
West Chester
52%
Mercer
50%
Stroudsburg
50%
Franklin
48%
Carlisle
45%
Huntingdon
45%
Chambersburg
43%
Clearfield
43%
Lewisburg
43%
Pottsville
43%
Doylestown
41%
Clarion
39%
Greensburg
39%
Uniontown
39%
Bellefonte
36%
Lock Haven
36%
Lewistown
34%
Bloomsburg
32%
Danville
32%
Ebensburg
32%
Hollidaysburg
32%
Honesdale
32%
Jim Thorpe
32%
Waynesburg
32%
Emporium
30%
Kittanning
30%
Media
30%
Milford
27%
Ridgway
27%
Tionesta
27%
McConnellsburg
25%
Wellsboro
25%
Mifflintown
23%
Sunbury
23%
Coudersport
20%
Towanda
20%
Brookville
18%
Montrose
18%
New Bloomfield
18%
Smethport
18%
Laporte
16%
Middleburg
16%
Tunkhannock
16%

Score Distribution

Percentile by Number Answered

Percent of People with Each Score

Your Score History

You have not taken this quiz